[Event "DVM U16w 2021"]
[Site "Berlin GER"]
[Date "2022.05.02"]
[Round "6"]
[White "Amelang, Jamie Alice"]
[Black "Modali, Nikhilamrutha"]
[Result "0-1"]
[Termination "normal"]
[Board "4.3"]
[WhiteElo "1080"]
[BlackElo "1262"]
[WhiteClock "00:38:24"]
[BlackClock "00:02:19"]
[WhiteTeam "Schachgemeinschaft Leipzig"]
[BlackTeam "Hamburger SK von 1830 eV"]
[PlyCount "94"]
[WhiteFideId "34605754"]
[BlackFideId "16282370"]
[EventCountry "GER"]
[EventRounds "7"]
[EventType "team-swiss"]
[EventDate "2022.04.29"]

1. e4 {[%clk 1:30:57]} c5 {[%clk 1:30:55]} 2. Nc3 {[%clk 1:31:20]} e6 {[%clk
1:31:20]} 3. d3 {[%clk 1:31:44]} d5 {[%clk 1:30:51]} 4. g3 {[%clk 1:29:37]} Nc6
{[%clk 1:18:02]} 5. Nge2 {[%clk 1:26:51]} b5 {[%clk 1:16:06]} 6. a3 {[%clk
1:23:03]} Nf6 {[%clk 1:10:21]} 7. Bg2 {[%clk 1:22:07]} b4 {[%clk 1:04:12]} 8.
axb4 {[%clk 1:18:44]} cxb4 {[%clk 1:03:29]} 9. Nb1 {[%clk 1:10:18]} dxe4 {[%clk
0:59:24]} 10. O-O {[%clk 1:08:38]} Qb6 {[%clk 0:53:48]} 11. dxe4 {[%clk
1:06:42]} e5 {[%clk 0:51:34]} 12. Nd2 {[%clk 1:02:08]} Be6 {[%clk 0:44:53]} 13.
b3 {[%clk 1:00:37]} Bc5 {[%clk 0:40:10]} 14. Nf3 {[%clk 0:56:12]} Nxe4 {[%clk
0:38:16]} 15. Qe1 {[%clk 0:48:48]} f6 {[%clk 0:30:44]} 16. c3 {[%clk 0:46:46]}
Bxb3 {[%clk 0:27:03]} 17. Nh4 {[%clk 0:43:09]} Bd5 {[%clk 0:12:44]} 18. c4
{[%clk 0:43:08]} Nxf2 {[%clk 0:11:40]} 19. Rxf2 {[%clk 0:42:50]} Bxf2+ {[%clk
0:09:54]} 20. Qxf2 {[%clk 0:43:08]} Qxf2+ {[%clk 0:10:11]} 21. Kxf2 {[%clk
0:43:33]} Bxg2 {[%clk 0:10:36]} 22. Kxg2 {[%clk 0:43:51]} Ke7 {[%clk 0:09:50]}
23. Nf5+ {[%clk 0:44:03]} Kf7 {[%clk 0:10:00]} 24. Nd6+ {[%clk 0:44:14]} Ke6
{[%clk 0:10:11]} 25. Ne4 {[%clk 0:43:45]} Rhc8 {[%clk 0:09:26]} 26. Nc5+ {[%clk
0:43:01]} Ke7 {[%clk 0:08:44]} 27. Bd2 {[%clk 0:42:56]} a5 {[%clk 0:08:15]} 28.
Nc1 {[%clk 0:41:45]} Nd4 {[%clk 0:07:38]} 29. Nb7 {[%clk 0:41:13]} Rxc4 {[%clk
0:06:24]} 30. Nxa5 {[%clk 0:40:59]} Rc2 {[%clk 0:05:17]} 31. Ra2 {[%clk
0:39:57]} Rxd2+ {[%clk 0:04:40]} 32. Rxd2 {[%clk 0:39:19]} Rxa5 {[%clk
0:05:06]} 33. Rd3 {[%clk 0:39:20]} Rc5 {[%clk 0:05:20]} 34. Nb3 {[%clk
0:37:57]} Nxb3 {[%clk 0:05:41]} 35. Rxb3 {[%clk 0:37:54]} Rc4 {[%clk 0:06:03]}
36. Kf2 {[%clk 0:38:04]} Kd6 {[%clk 0:06:17]} 37. Ke2 {[%clk 0:38:09]} Kc5
{[%clk 0:06:40]} 38. Kd3 {[%clk 0:37:40]} e4+ {[%clk 0:06:40]} 39. Ke2 {[%clk
0:37:39]} Rc3 {[%clk 0:07:00]} 40. Rb1 {[%clk 0:37:55]} b3 {[%clk 0:07:02]} 41.
Kd2 {[%clk 0:38:00]} Kc4 {[%clk 0:06:38]} 42. Ra1 {[%clk 0:38:00]} e3+ {[%clk
0:03:19]} 43. Ke2 {[%clk 0:38:06]} b2 {[%clk 0:02:41]} 44. Rb1 {[%clk 0:37:49]}
Kb3 {[%clk 0:02:51]} 45. Kf3 {[%clk 0:37:41]} Rc1 {[%clk 0:03:10]} 46. Rxb2+
{[%clk 0:38:00]} Kxb2 {[%clk 0:03:32]} 47. Kxe3 {[%clk 0:38:24]} Rh1 {[%clk
0:02:19]} 0-1

[Event "DVM U16w 2021"]
[Site "Berlin GER"]
[Date "2022.05.02"]
[Round "6"]
[White "Einacker, Anika"]
[Black "Bacakova, Klara"]
[Result "0-1"]
[Termination "normal"]
[Board "4.4"]
[WhiteElo "1187"]
[BlackElo "1128"]
[WhiteClock "00:19:58"]
[BlackClock "01:01:37"]
[WhiteTeam "Hamburger SK von 1830 eV"]
[BlackTeam "Schachgemeinschaft Leipzig"]
[PlyCount "58"]
[WhiteFideId "34620591"]
[BlackFideId "34605762"]
[EventCountry "GER"]
[EventRounds "7"]
[EventType "team-swiss"]
[EventDate "2022.04.29"]

1. d4 {[%clk 1:30:57]} d5 {[%clk 1:30:47]} 2. Nf3 {[%clk 1:31:16]} Nf6 {[%clk
1:31:04]} 3. g3 {[%clk 1:31:12]} Bf5 {[%clk 1:31:06]} 4. Bg2 {[%clk 1:30:31]}
Nbd7 {[%clk 1:30:22]} 5. O-O {[%clk 1:29:26]} e6 {[%clk 1:29:51]} 6. Bg5 {[%clk
1:28:58]} Be7 {[%clk 1:27:33]} 7. c4 {[%clk 1:24:40]} c6 {[%clk 1:25:06]} 8.
Nc3 {[%clk 1:15:11]} O-O {[%clk 1:24:41]} 9. b3 {[%clk 1:03:58]} h6 {[%clk
1:21:42]} 10. Bxf6 {[%clk 1:02:55]} Bxf6 {[%clk 1:21:47]} 11. Re1 {[%clk
1:02:27]} Be7 {[%clk 1:19:25]} 12. a3 {[%clk 0:57:49]} a6 {[%clk 1:17:33]} 13.
e3 {[%clk 0:54:47]} b6 {[%clk 1:15:54]} 14. Nd2 {[%clk 0:50:29]} c5 {[%clk
1:11:47]} 15. cxd5 {[%clk 0:49:12]} exd5 {[%clk 1:11:21]} 16. dxc5 {[%clk
0:47:44]} Nxc5 {[%clk 1:08:18]} 17. Nxd5 {[%clk 0:43:43]} Rc8 {[%clk 1:06:39]}
18. Rc1 {[%clk 0:41:20]} Nd3 {[%clk 1:06:37]} 19. Rxc8 {[%clk 0:40:46]} Bxc8
{[%clk 1:05:28]} 20. Rf1 {[%clk 0:33:33]} Bb7 {[%clk 1:05:02]} 21. Nxe7+ {[%clk
0:33:40]} Qxe7 {[%clk 1:05:12]} 22. Nc4 {[%clk 0:32:38]} Bxg2 {[%clk 1:04:26]}
23. Kxg2 {[%clk 0:32:37]} Rd8 {[%clk 1:04:30]} 24. Qa1 {[%clk 0:30:03]} b5
{[%clk 1:02:47]} 25. Na5 {[%clk 0:27:44]} Qe4+ {[%clk 1:02:29]} 26. Kg1 {[%clk
0:27:55]} Qg4 {[%clk 1:01:33]} 27. Qa2 {[%clk 0:25:56]} Ne5 {[%clk 1:01:30]}
28. f4 {[%clk 0:20:47]} Nf3+ {[%clk 1:01:35]} 29. Kh1 {[%clk 0:19:58]} Rd2
{[%clk 1:01:37]} 0-1

[Event "DVM U16w 2021"]
[Site "Berlin GER"]
[Date "2022.05.02"]
[Round "6"]
[White "Zöllner, Bente"]
[Black "Reich, Elisabeth"]
[Result "1/2-1/2"]
[Termination "normal"]
[Board "5.1"]
[WhiteElo "1557"]
[BlackElo "1490"]
[WhiteClock "00:34:03"]
[BlackClock "00:49:48"]
[WhiteTeam "SC Papenburg"]
[BlackTeam "ATSV Oberkotzau"]
[PlyCount "63"]
[WhiteFideId "16230523"]
[BlackFideId "16239776"]
[EventCountry "GER"]
[EventRounds "7"]
[EventType "team-swiss"]
[EventDate "2022.04.29"]

1. d4 {[%clk 1:30:56]} Nf6 {[%clk 1:30:59]} 2. Nf3 {[%clk 1:31:14]} g6 {[%clk
1:31:21]} 3. c4 {[%clk 1:31:37]} Bg7 {[%clk 1:31:45]} 4. Nc3 {[%clk 1:31:55]}
d6 {[%clk 1:31:57]} 5. e4 {[%clk 1:31:49]} O-O {[%clk 1:32:10]} 6. h3 {[%clk
1:32:11]} a5 {[%clk 1:30:29]} 7. Be3 {[%clk 1:31:55]} c6 {[%clk 1:29:01]} 8.
Bd3 {[%clk 1:31:03]} Qc7 {[%clk 1:28:34]} 9. Qd2 {[%clk 1:29:16]} e5 {[%clk
1:27:44]} 10. d5 {[%clk 1:29:29]} c5 {[%clk 1:26:38]} 11. g4 {[%clk 1:28:41]}
h5 {[%clk 1:26:30]} 12. g5 {[%clk 1:27:35]} Nh7 {[%clk 1:26:41]} 13. O-O-O
{[%clk 1:25:57]} Bd7 {[%clk 1:26:07]} 14. Kb1 {[%clk 1:23:34]} Qd8 {[%clk
1:24:02]} 15. Rdg1 {[%clk 1:20:15]} Na6 {[%clk 1:22:26]} 16. a3 {[%clk
1:19:56]} Nc7 {[%clk 1:21:44]} 17. Qe2 {[%clk 1:18:30]} Qe8 {[%clk 1:20:37]}
18. Ka2 {[%clk 1:12:36]} Rb8 {[%clk 1:18:29]} 19. Nb5 {[%clk 1:10:54]} Nxb5
{[%clk 1:18:22]} 20. cxb5 {[%clk 1:11:14]} a4 {[%clk 1:15:39]} 21. Nd2 {[%clk
1:08:06]} Qd8 {[%clk 1:11:37]} 22. Nb1 {[%clk 1:05:34]} Ra8 {[%clk 1:11:23]}
23. Nc3 {[%clk 1:05:00]} Ra5 {[%clk 1:07:13]} 24. Qc2 {[%clk 0:58:43]} Qe8
{[%clk 1:05:13]} 25. Bd2 {[%clk 0:55:32]} Ra7 {[%clk 1:04:20]} 26. Be3 {[%clk
0:53:20]} Ra5 {[%clk 1:01:44]} 27. Qe2 {[%clk 0:43:13]} b6 {[%clk 0:55:34]} 28.
Qc2 {[%clk 0:40:15]} Qa8 {[%clk 0:53:33]} 29. Qe2 {[%clk 0:38:15]} Qc8 {[%clk
0:52:07]} 30. h4 {[%clk 0:36:47]} Qe8 {[%clk 0:51:43]} 31. Rg3 {[%clk 0:36:03]}
Ra7 {[%clk 0:49:48]} 32. Rc1 {[%clk 0:34:03]} 1/2-1/2

[Event "DVM U16w 2021"]
[Site "Berlin GER"]
[Date "2022.05.02"]
[Round "6"]
[White "Hergenröder, Cora"]
[Black "Evering, Enna"]
[Result "1/2-1/2"]
[Termination "normal"]
[Board "5.2"]
[WhiteElo "1437"]
[BlackElo "1464"]
[WhiteClock "00:57:49"]
[BlackClock "00:05:25"]
[WhiteTeam "ATSV Oberkotzau"]
[BlackTeam "SC Papenburg"]
[PlyCount "82"]
[WhiteFideId "34603700"]
[BlackFideId "16218213"]
[EventCountry "GER"]
[EventRounds "7"]
[EventType "team-swiss"]
[EventDate "2022.04.29"]

1. d4 {[%clk 1:30:58]} Nf6 {[%clk 1:30:53]} 2. c4 {[%clk 1:31:24]} g6 {[%clk
1:31:17]} 3. Nc3 {[%clk 1:31:47]} d5 {[%clk 1:31:40]} 4. cxd5 {[%clk 1:31:10]}
Nxd5 {[%clk 1:32:00]} 5. Nxd5 {[%clk 1:30:42]} Qxd5 {[%clk 1:32:19]} 6. e3
{[%clk 1:30:47]} Bg7 {[%clk 1:29:11]} 7. Nf3 {[%clk 1:30:25]} O-O {[%clk
1:25:01]} 8. h3 {[%clk 1:29:14]} b6 {[%clk 1:13:52]} 9. Qc2 {[%clk 1:28:44]} c6
{[%clk 1:09:16]} 10. Bc4 {[%clk 1:28:24]} Qd6 {[%clk 1:08:02]} 11. Be2 {[%clk
1:27:27]} Bb7 {[%clk 1:06:37]} 12. O-O {[%clk 1:27:16]} Nd7 {[%clk 1:00:23]}
13. Rd1 {[%clk 1:27:33]} Qc7 {[%clk 0:54:19]} 14. Rb1 {[%clk 1:25:17]} Rac8
{[%clk 0:51:55]} 15. b3 {[%clk 1:21:30]} e5 {[%clk 0:43:58]} 16. Bb2 {[%clk
1:17:50]} Rfe8 {[%clk 0:40:23]} 17. dxe5 {[%clk 1:15:40]} Nxe5 {[%clk 0:39:16]}
18. Rd2 {[%clk 1:11:53]} Rcd8 {[%clk 0:34:59]} 19. Rbd1 {[%clk 1:12:10]} Nxf3+
{[%clk 0:32:45]} 20. Bxf3 {[%clk 1:12:32]} Rxd2 {[%clk 0:31:20]} 21. Rxd2
{[%clk 1:12:57]} Bxb2 {[%clk 0:22:30]} 22. Qxb2 {[%clk 1:13:25]} Rd8 {[%clk
0:22:32]} 23. Rxd8+ {[%clk 1:09:59]} Qxd8 {[%clk 0:22:56]} 24. Qd4 {[%clk
1:10:23]} Qxd4 {[%clk 0:21:04]} 25. exd4 {[%clk 1:10:47]} f6 {[%clk 0:20:12]}
26. b4 {[%clk 1:11:03]} b5 {[%clk 0:17:15]} 27. Kf1 {[%clk 1:11:18]} Kf7 {[%clk
0:17:05]} 28. Ke2 {[%clk 1:11:34]} Ke6 {[%clk 0:16:24]} 29. Kd3 {[%clk
1:11:56]} Kd6 {[%clk 0:15:39]} 30. a3 {[%clk 1:11:17]} Bc8 {[%clk 0:13:45]} 31.
h4 {[%clk 1:10:42]} Be6 {[%clk 0:11:44]} 32. g4 {[%clk 0:58:57]} Bd5 {[%clk
0:11:07]} 33. Be4 {[%clk 0:59:09]} Bxe4+ {[%clk 0:10:28]} 34. Kxe4 {[%clk
0:59:33]} Ke6 {[%clk 0:10:27]} 35. f3 {[%clk 0:59:21]} f5+ {[%clk 0:07:25]} 36.
gxf5+ {[%clk 0:59:22]} gxf5+ {[%clk 0:07:52]} 37. Kf4 {[%clk 0:58:25]} h6
{[%clk 0:07:21]} 38. Ke3 {[%clk 0:57:22]} Kd5 {[%clk 0:07:03]} 39. Kf4 {[%clk
0:57:42]} Ke6 {[%clk 0:07:28]} 40. Ke3 {[%clk 0:58:04]} Kf6 {[%clk 0:05:37]}
41. Kf4 {[%clk 0:57:49]} Ke6 {[%clk 0:05:25]} 1/2-1/2

[Event "DVM U16w 2021"]
[Site "Berlin GER"]
[Date "2022.05.02"]
[Round "6"]
[White "Alferova, Emily"]
[Black "Reddi, Bhuvana"]
[Result "1-0"]
[Termination "normal"]
[Board "6.1"]
[WhiteElo "1514"]
[BlackElo "1404"]
[WhiteClock "00:21:08"]
[BlackClock "01:01:49"]
[WhiteTeam "SC Garching 1980 e.V."]
[BlackTeam "SC Weisse Dame e.V."]
[PlyCount "109"]
[WhiteFideId "16265904"]
[BlackFideId "16287002"]
[EventCountry "GER"]
[EventRounds "7"]
[EventType "team-swiss"]
[EventDate "2022.04.29"]

1. d4 {[%clk 1:30:58]} Nf6 {[%clk 1:30:55]} 2. Nf3 {[%clk 1:31:25]} g6 {[%clk
1:31:19]} 3. Nbd2 {[%clk 1:31:50]} Bg7 {[%clk 1:31:43]} 4. e4 {[%clk 1:32:14]}
d6 {[%clk 1:32:08]} 5. Bc4 {[%clk 1:32:39]} O-O {[%clk 1:32:32]} 6. O-O {[%clk
1:33:04]} Nbd7 {[%clk 1:32:55]} 7. e5 {[%clk 1:33:20]} dxe5 {[%clk 1:32:25]} 8.
dxe5 {[%clk 1:33:44]} Ng4 {[%clk 1:32:39]} 9. e6 {[%clk 1:34:04]} Nde5 {[%clk
1:31:54]} 10. exf7+ {[%clk 1:33:49]} Kh8 {[%clk 1:31:27]} 11. Qe2 {[%clk
1:16:07]} Nxf7 {[%clk 1:30:24]} 12. Bxf7 {[%clk 1:15:06]} Rxf7 {[%clk 1:30:24]}
13. Ng5 {[%clk 1:08:40]} Rf8 {[%clk 1:28:17]} 14. Nc4 {[%clk 0:52:58]} Qd4
{[%clk 1:19:41]} 15. h3 {[%clk 0:43:00]} Ne5 {[%clk 1:07:32]} 16. Nxe5 {[%clk
0:38:54]} Bxe5 17. Nf3 {[%clk 0:35:09]} Rxf3 {[%clk 0:52:43]} 18. Qxf3 {[%clk
0:35:28]} Bf5 {[%clk 0:49:44]} 19. c3 {[%clk 0:34:15]} Qc4 {[%clk 0:46:52]} 20.
Re1 {[%clk 0:32:21]} Bd6 {[%clk 0:45:44]} 21. g4 {[%clk 0:30:37]} Bd7 {[%clk
0:45:18]} 22. Be3 {[%clk 0:22:19]} Bc6 {[%clk 0:44:26]} 23. Qd1 {[%clk
0:21:37]} Rd8 {[%clk 0:44:13]} 24. Qd4+ {[%clk 0:19:36]} Qxd4 {[%clk 0:43:30]}
25. Bxd4+ {[%clk 0:20:02]} Kg8 {[%clk 0:43:52]} 26. Re3 {[%clk 0:18:52]} Rf8
{[%clk 0:44:00]} 27. Be5 {[%clk 0:17:32]} Bc5 {[%clk 0:42:59]} 28. Bd4 {[%clk
0:15:11]} Bd6 {[%clk 0:43:10]} 29. Rae1 {[%clk 0:13:50]} Rf7 {[%clk 0:41:38]}
30. b4 {[%clk 0:13:41]} a6 {[%clk 0:41:33]} 31. a3 {[%clk 0:13:12]} Kf8 {[%clk
0:41:05]} 32. Be5 {[%clk 0:12:49]} Bb5 {[%clk 0:40:06]} 33. Bxd6 {[%clk
0:12:10]} exd6 {[%clk 0:40:28]} 34. Kg2 {[%clk 0:12:09]} Bc6+ {[%clk 0:39:42]}
35. Kg3 {[%clk 0:12:35]} g5 {[%clk 0:39:47]} 36. Rc1 {[%clk 0:11:47]} Kg7
{[%clk 0:37:01]} 37. Rce1 {[%clk 0:11:46]} Kf8 {[%clk 0:37:10]} 38. Rd1 {[%clk
0:12:11]} Kg7 {[%clk 0:37:07]} 39. Rde1 {[%clk 0:12:21]} Kf8 {[%clk 0:37:12]}
40. c4 {[%clk 0:10:17]} Rf4 {[%clk 0:36:47]} 41. Rc1 {[%clk 0:10:07]} Rf7
{[%clk 0:34:16]} 42. Ra1 {[%clk 0:07:46]} Rf4 {[%clk 0:31:06]} 43. Rc1 {[%clk
0:06:22]} Rf7 {[%clk 0:30:52]} 44. c5 {[%clk 0:25:11]} Re7 {[%clk 1:00:04]} 45.
Rxe7 {[%clk 0:23:40]} Kxe7 {[%clk 1:00:28]} 46. f4 {[%clk 0:22:52]} gxf4+
{[%clk 1:00:43]} 47. Kxf4 {[%clk 0:23:17]} dxc5 {[%clk 1:00:52]} 48. Rxc5
{[%clk 0:23:40]} Kd6 {[%clk 1:01:17]} 49. Rh5 {[%clk 0:23:28]} Bd5 {[%clk
1:01:31]} 50. Rxh7 {[%clk 0:23:32]} c5 {[%clk 1:01:55]} 51. Rh6+ {[%clk
0:22:23]} Kc7 {[%clk 1:02:05]} 52. bxc5 {[%clk 0:22:39]} Bc6 {[%clk 1:01:09]}
53. Rh7+ {[%clk 0:22:25]} Bd7 {[%clk 1:01:28]} 54. g5 {[%clk 0:21:09]} Kc6
{[%clk 1:01:49]} 55. Rxd7 {[%clk 0:21:08]} 1-0

[Event "DVM U16w 2021"]
[Site "Berlin GER"]
[Date "2022.05.02"]
[Round "6"]
[White "Fayngold, Sophie"]
[Black "Frowein, Katja"]
[Result "1-0"]
[Termination "normal"]
[Board "6.2"]
[WhiteElo "1222"]
[BlackElo "1385"]
[WhiteClock "00:01:52"]
[BlackClock "00:12:46"]
[WhiteTeam "SC Weisse Dame e.V."]
[BlackTeam "SC Garching 1980 e.V."]
[PlyCount "99"]
[WhiteFideId "16244761"]
[BlackFideId "16282949"]
[EventCountry "GER"]
[EventRounds "7"]
[EventType "team-swiss"]
[EventDate "2022.04.29"]

1. e4 {[%clk 1:30:58]} c5 {[%clk 1:30:57]} 2. Nf3 {[%clk 1:31:24]} d6 {[%clk
1:31:24]} 3. d4 {[%clk 1:31:50]} cxd4 {[%clk 1:31:50]} 4. Qxd4 {[%clk 1:32:15]}
Nc6 {[%clk 1:31:52]} 5. Bb5 {[%clk 1:32:40]} Bd7 {[%clk 1:24:34]} 6. Bxc6
{[%clk 1:32:22]} bxc6 {[%clk 1:23:39]} 7. Nc3 {[%clk 1:32:25]} Nf6 {[%clk
1:23:16]} 8. Bg5 {[%clk 1:32:35]} c5 {[%clk 1:17:29]} 9. Qd3 {[%clk 1:29:31]}
g6 {[%clk 1:11:36]} 10. e5 {[%clk 1:13:58]} Bf5 {[%clk 1:10:45]} 11. Qe2 {[%clk
1:11:14]} dxe5 {[%clk 1:01:34]} 12. Nxe5 {[%clk 1:08:11]} Bg7 {[%clk 1:00:28]}
13. Rd1 {[%clk 1:05:45]} Qc8 {[%clk 0:53:34]} 14. Bxf6 {[%clk 0:59:02]} Bxf6
{[%clk 0:50:31]} 15. Qb5+ {[%clk 0:52:02]} Kf8 {[%clk 0:49:49]} 16. Nd7+ {[%clk
0:49:27]} Bxd7 {[%clk 0:42:20]} 17. Qxd7 {[%clk 0:47:14]} Qa6 {[%clk 0:37:43]}
18. Qd3 {[%clk 0:33:37]} Qe6+ {[%clk 0:33:42]} 19. Ne4 {[%clk 0:26:12]} Bxb2
{[%clk 0:30:42]} 20. O-O {[%clk 0:24:30]} c4 {[%clk 0:27:55]} 21. Qf3 {[%clk
0:18:40]} Kg7 {[%clk 0:26:58]} 22. Ng5 {[%clk 0:14:34]} Qf6 {[%clk 0:26:12]}
23. Qg4 {[%clk 0:05:42]} h5 {[%clk 0:24:10]} 24. Qg3 {[%clk 0:05:22]} Qf5
{[%clk 0:19:34]} 25. Rd2 {[%clk 0:04:47]} h4 {[%clk 0:18:06]} 26. Qe3 {[%clk
0:04:44]} Bf6 {[%clk 0:16:39]} 27. Ne4 {[%clk 0:04:22]} g5 {[%clk 0:15:11]} 28.
Nxf6 {[%clk 0:04:08]} Qxf6 {[%clk 0:15:30]} 29. Rd5 {[%clk 0:03:45]} Rh5 {[%clk
0:14:51]} 30. Re1 {[%clk 0:03:39]} e6 {[%clk 0:14:38]} 31. Rd7 {[%clk 0:03:33]}
Kg6 {[%clk 0:13:38]} 32. Qe4+ {[%clk 0:03:49]} Qf5 {[%clk 0:12:29]} 33. Qxa8
{[%clk 0:04:14]} Rh7 {[%clk 0:12:19]} 34. Qe4 {[%clk 0:04:16]} h3 {[%clk
0:11:58]} 35. Qxf5+ {[%clk 0:04:39]} exf5 {[%clk 0:12:19]} 36. g3 {[%clk
0:03:47]} Rh8 {[%clk 0:12:23]} 37. Rxa7 {[%clk 0:03:16]} Rb8 {[%clk 0:12:16]}
38. Rc7 {[%clk 0:03:22]} Rb4 {[%clk 0:12:34]} 39. c3 {[%clk 0:03:24]} Ra4
{[%clk 0:12:50]} 40. Rb7 {[%clk 0:02:22]} Ra5 {[%clk 0:12:31]} 41. Rb4 {[%clk
0:02:36]} Rc5 {[%clk 0:12:48]} 42. a4 {[%clk 0:02:41]} f4 {[%clk 0:13:06]} 43.
Rb5 {[%clk 0:02:42]} Rc6 {[%clk 0:12:59]} 44. a5 {[%clk 0:02:42]} Rc8 {[%clk
0:12:29]} 45. a6 {[%clk 0:02:36]} Ra8 {[%clk 0:12:37]} 46. Ra1 {[%clk 0:02:27]}
fxg3 {[%clk 0:12:41]} 47. fxg3 {[%clk 0:02:17]} Re8 {[%clk 0:12:00]} 48. a7
{[%clk 0:01:42]} Re2 {[%clk 0:12:24]} 49. a8=Q {[%clk 0:01:59]} Rg2+ {[%clk
0:12:46]} 50. Qxg2 {[%clk 0:01:52]} 1-0

[Event "DVM U16w 2021"]
[Site "Berlin GER"]
[Date "2022.05.02"]
[Round "6"]
[White "Bauer, Sophia"]
[Black "Muhina, Liana"]
[Result "1-0"]
[Termination "normal"]
[Board "6.4"]
[WhiteElo "1139"]
[BlackElo "1185"]
[WhiteClock "01:18:35"]
[BlackClock "01:01:42"]
[WhiteTeam "SC Weisse Dame e.V."]
[BlackTeam "SC Garching 1980 e.V."]
[PlyCount "77"]
[WhiteFideId "34620583"]
[BlackFideId "16266145"]
[EventCountry "GER"]
[EventRounds "7"]
[EventType "team-swiss"]
[EventDate "2022.04.29"]

1. e4 d5 2. exd5 Qxd5 3. Nc3 Qa5 4. Nf3 Nf6 5. d4 Bg4 6. Be2 e6 7. h3 Bh5 8.
O-O Bd6 9. Re1 c6 10. Bd2 Qc7 11. Bc4 O-O 12. Ne4 Nxe4 13. Rxe4 Nd7 14. Bg5 h6
15. Bd2 {[%clk 1:23:31]} Nb6 {[%clk 1:19:08]} 16. Bd3 {[%clk 1:22:22]} Bg6
{[%clk 1:17:32]} 17. Re2 {[%clk 1:21:23]} Bh5 {[%clk 1:15:06]} 18. Re1 {[%clk
1:21:17]} Rfe8 {[%clk 1:13:15]} 19. Be2 {[%clk 1:20:14]} e5 {[%clk 1:09:55]}
20. dxe5 {[%clk 1:19:51]} Bxe5 {[%clk 1:10:09]} 21. Nxe5 {[%clk 1:19:55]} Bxe2
{[%clk 1:09:02]} 22. Rxe2 {[%clk 1:19:12]} Rxe5 {[%clk 1:04:40]} 23. Bf4 {[%clk
1:18:55]} Rd8 {[%clk 1:03:33]} 24. Qf1 {[%clk 1:18:30]} Rde8 {[%clk 1:01:08]}
25. Bxe5 {[%clk 1:18:34]} Rxe5 {[%clk 1:01:29]} 26. Rxe5 {[%clk 1:18:35]} Qxe5
{[%clk 1:01:42]} 27. c3 {[%clk 1:18:35]} Nd5 {[%clk 1:01:42]} 28. Re1 {[%clk
1:18:35]} Qg5 {[%clk 1:01:42]} 29. Re8+ {[%clk 1:18:35]} Kh7 {[%clk 1:01:42]}
30. Qd3+ {[%clk 1:18:35]} g6 {[%clk 1:01:42]} 31. Qd4 {[%clk 1:18:35]} f6
{[%clk 1:01:42]} 32. c4 {[%clk 1:18:35]} Qc1+ {[%clk 1:01:42]} 33. Kh2 {[%clk
1:18:35]} c5 {[%clk 1:01:42]} 34. Qxd5 {[%clk 1:18:35]} Qf4+ {[%clk 1:01:42]}
35. g3 {[%clk 1:18:35]} Qxf2+ {[%clk 1:01:42]} 36. Qg2 {[%clk 1:18:35]} Qxg2+
{[%clk 1:01:42]} 37. Kxg2 {[%clk 1:18:35]} g5 {[%clk 1:01:42]} 38. Re7+ {[%clk
1:18:35]} Kg6 {[%clk 1:01:42]} 39. Rxb7 {[%clk 1:18:35]} 1-0

[Event "DVM U16w 2021"]
[Site "Berlin GER"]
[Date "2022.05.02"]
[Round "6"]
[White "Lensing, Sienna"]
[Black "Werner, Rosalie"]
[Result "0-1"]
[Termination "normal"]
[Board "7.1"]
[WhiteElo "1374"]
[BlackElo "1712"]
[WhiteTeam "Schachgemeinschaft Turm Raesfeld/Erle"]
[BlackTeam "VSG 1880 Offenbach"]
[PlyCount "112"]
[WhiteFideId "16298381"]
[BlackFideId "16223748"]
[EventCountry "GER"]
[EventRounds "7"]
[EventType "team-swiss"]
[EventDate "2022.04.29"]

1. e4 e6 2. b3 d5 3. Bb2 Nf6 4. e5 Nfd7 5. d4 c5 6. c3 Nc6 7. Bd3 a6 8. Ne2 b5
9. Nd2 Qb6 10. Rb1 cxd4 11. cxd4 Nb4 12. Bc2 Nxa2 13. Ra1 Nb4 14. Bb1 Nc6 15.
O-O b4 16. Nf3 Be7 17. Qc2 a5 18. Rd1 Ba6 19. Bc1 Rc8 20. Qd2 Na7 21. Kh1 Nb8
22. Ng3 h5 23. h4 Nb5 24. Re1 Nc3 25. Qf4 Nxb1 26. Rxb1 Bd3 27. Rb2 Bg6 28. Bd2
{(=)} Kd7 29. Qe3 Nc6 30. Rc1 Na7 31. Ne2 Rxc1+ 32. Nxc1 Qb5 33. Kg1 Rc8 34.
Ra2 Rc2 35. Ra1 Rc7 36. g3 Nc6 37. Ne1 Ra7 38. Ncd3 a4 39. Nc5+ Bxc5 40. dxc5
a3 41. Ra2 d4 42. Qf3 Qxc5 43. Nd3 Bxd3 44. Qxd3 Qxe5 45. Qf3 Qf5 46. Qd1 Qd3
47. Qc1 Qxb3 48. Ra1 Qb2 49. Qd1 a2 50. Kg2 g6 51. Kh3 b3 52. Kg2 Qc2 53. Qf3
Qxd2 54. Qxf7+ Ne7 55. Qf3 b2 56. Qb3 bxa1=Q 0-1

[Event "DVM U16w 2021"]
[Site "Berlin GER"]
[Date "2022.05.02"]
[Round "6"]
[White "Thiele, Lea-Marie"]
[Black "Trunz, Michelle"]
[Result "0-1"]
[Termination "normal"]
[Board "8.1"]
[WhiteElo "1243"]
[BlackElo "1708"]
[WhiteTeam "SK Lehrte von 1919 e. V."]
[BlackTeam "Schachgemeinschaft Porz e. V. 2"]
[PlyCount "84"]
[WhiteFideId "16298616"]
[BlackFideId "16227980"]
[EventCountry "GER"]
[EventRounds "7"]
[EventType "team-swiss"]
[EventDate "2022.04.29"]

1. d4 f5 2. c4 Nf6 3. g3 e6 4. Bg2 d5 5. Nc3 c6 6. Nf3 Bd6 7. O-O O-O 8. Rb1
Bd7 9. b4 Be8 10. c5 Bc7 11. b5 b6 12. bxc6 bxc5 13. Ng5 Bf7 14. dxc5 Nxc6 15.
Nxf7 Rxf7 16. Bg5 Qe8 17. Qa4 Ne4 18. Nxe4 fxe4 19. f3 exf3 20. Bxf3 Ne5 21.
Qxe8+ Rxe8 22. Bh5 g6 23. Bf3 Nd7 24. c6 Ne5 25. Rfc1 Rxf3 26. exf3 Nxf3+ 27.
Kg2 Nxg5 28. Rb7 Rc8 29. Rxa7 Kf7 30. a4 Ke7 31. a5 Ne4 32. a6 Kd6 33. Kf3 Nc5
34. Kg4 h6 35. Rb7 Nxa6 36. Rb2 Nc5 37. Rbc2 Bb6 38. Rf1 Ne4 39. Rf7 h5+ 40.
Kf4 e5+ 41. Kf3 Ng5+ 42. Kg2 Nxf7 0-1

[Event "DVM U16w 2021"]
[Site "Berlin GER"]
[Date "2022.05.02"]
[Round "6"]
[White "Siegel, Irene"]
[Black "Stelter, Finja"]
[Result "1-0"]
[Termination "normal"]
[Board "8.2"]
[WhiteElo "1263"]
[BlackElo "1416"]
[WhiteTeam "Schachgemeinschaft Porz e. V. 2"]
[BlackTeam "SK Lehrte von 1919 e. V."]
[PlyCount "81"]
[WhiteFideId "16284380"]
[BlackFideId "16298624"]
[EventCountry "GER"]
[EventRounds "7"]
[EventType "team-swiss"]
[EventDate "2022.04.29"]

1. e4 c5 2. c3 Nc6 3. Nf3 g6 4. d4 cxd4 5. cxd4 Bg7 6. Nc3 d6 7. h3 Qb6 8. Bb5
Bd7 9. Bxc6 Qxc6 10. O-O Nf6 11. Re1 O-O 12. Bf4 Rac8 13. Rc1 Qb6 14. e5 Nh5
15. Nd5 Rxc1 16. Bxc1 Qd8 17. g4 Bc6 18. Nc3 Qd7 19. d5 Bb5 20. Nxb5 Qxb5 21.
gxh5 dxe5 22. hxg6 fxg6 23. Nxe5 Qc5 24. Nd3 Qxd5 25. Qb3 Qxb3 26. axb3 Bf6 27.
Bd2 Rd8 28. Re3 Kf7 29. Bc3 Bg5 30. Rf3+ Bf6 31. Nc5 b6 32. Ne4 Rf8 33. Nxf6
exf6 34. Rxf6+ Ke8 35. Rxf8+ Kxf8 36. Kg2 Ke7 37. Kf3 Ke6 38. Kf4 h6 39. Bg7 h5
40. Kg5 Kf7 41. Bd4 1-0